<?xml version="1.0" encoding="UTF-8"?>
<record
    xmlns:xsi="http://www.w3.org/2001/XMLSchema-instance"
    xsi:schemaLocation="http://www.loc.gov/MARC21/slim http://www.loc.gov/standards/marcxml/schema/MARC21slim.xsd"
    xmlns="http://www.loc.gov/MARC21/slim">

  <leader>00478nam a2200169Ia 4500</leader>
  <controlfield tag="008">230718s9999    xx            000 0 und d</controlfield>
  <datafield tag="020" ind1=" " ind2=" ">
    <subfield code="a">9788120327252</subfield>
  </datafield>
  <datafield tag="041" ind1=" " ind2=" ">
    <subfield code="a">eng</subfield>
  </datafield>
  <datafield tag="082" ind1=" " ind2=" ">
    <subfield code="a">005.4'53</subfield>
    <subfield code="b">CHA</subfield>
  </datafield>
  <datafield tag="100" ind1=" " ind2=" ">
    <subfield code="a">Chattopadhyay S.</subfield>
    <subfield code="9">118564</subfield>
  </datafield>
  <datafield tag="245" ind1=" " ind2=" ">
    <subfield code="a">Compiler Design</subfield>
  </datafield>
  <datafield tag="260" ind1=" " ind2=" ">
    <subfield code="b">Prentice Hall Of India</subfield>
  </datafield>
  <datafield tag="300" ind1=" " ind2=" ">
    <subfield code="a">225</subfield>
    <subfield code="d">Ref 1195 C (25170)</subfield>
  </datafield>
  <datafield tag="365" ind1=" " ind2=" ">
    <subfield code="c">Rs.</subfield>
    <subfield code="b">195.00</subfield>
  </datafield>
  <datafield tag="700" ind1=" " ind2=" ">
    <subfield code="a">Chattopadhyay S.</subfield>
    <subfield code="9">118564</subfield>
  </datafield>
  <datafield tag="906" ind1=" " ind2=" ">
    <subfield code="d">O:0261423-Feb-2012B:111120063718-Jan-2012</subfield>
    <subfield code="c">IT</subfield>
    <subfield code="b">195</subfield>
  </datafield>
  <datafield tag="999" ind1=" " ind2=" ">
    <subfield code="c">330108</subfield>
    <subfield code="d">330108</subfield>
  </datafield>
  <datafield tag="952" ind1=" " ind2=" ">
    <subfield code="0">0</subfield>
    <subfield code="1">0</subfield>
    <subfield code="4">0</subfield>
    <subfield code="7">0</subfield>
    <subfield code="a">CCEP</subfield>
    <subfield code="b">CCEP</subfield>
    <subfield code="d">2012-02-22</subfield>
    <subfield code="e">Varma Book Distributors</subfield>
    <subfield code="f">IT</subfield>
    <subfield code="g">146.25</subfield>
    <subfield code="i">1111200637</subfield>
    <subfield code="l">0</subfield>
    <subfield code="o">005.4'53</subfield>
    <subfield code="p">CCEP-BK-41315</subfield>
    <subfield code="r">2023-07-18 00:00:00</subfield>
    <subfield code="t">195</subfield>
    <subfield code="v">195.00</subfield>
    <subfield code="w">2012-01-18</subfield>
    <subfield code="y">BK</subfield>
    <subfield code="z">041315</subfield>
  </datafield>
</record>
